000 00392 a2200169 4500
001 187445
020 _a978-85-356-0483-2
040 _cMagnum
100 _aSantos, Jorge Fernando Dos
240 1 0 _aCordel das lendas bovinas
_lpor
245 1 0 _aCordel das lendas bovinas
300 _a24
362 0 _a2007
440 1 _aPaulinas
697 _aLITERATURA INFANTO-JUVENIL
942 _cBK
999 _c187445
_d187445